01721 a2200253 4500003000500000005001700005010001600022020001700038040000900055082001400064100002700078245010100105250001200206260004600218300003200264440004500296505087000341650003501211700003201246700003501278942001201313999001901325952012301344Nust20221027121728.0 a 78018649 a0201063328 : cNust00a621.3,REI1 aReitz, John R.910148010aFoundations of electromagnetic theory /cJohn R. Reitz, Frederick J. Milford, Robert W. Christy. a3rd ed. aReading, Mass. :bAddison-Wesley,cc1979. ax, 534 p. :bill. ;c25 cm. 0aAddison-Wesley series in physics9101481 aVector Analysis (Page-1), Electrostatics (Page-26), Solution of Electrostatic Problems (Page-56), The Electrostatic Field in Dielectric Media (Page-97), Microscopic Theory of Dielectrics (Page-127), Electrostatic Energy (Page-141), Electric Current (Page-162), The Magnetic Field of Steady Currents (Page-190), Magnetic Properties of Matter (Page-218), Microscopic Theory of Magnetism (Page-256), Electromagnetic Induction (Page-271), Magnetic Energy (Page289), Slowly Varying Currents (Page-305), Physics of Plasmas (Page-341), Electromagnetic Properties of Superconductors (Page-365), Maxwell's Equations (Page-386), Propagation of Monochromatic Electromagnetic Waves (Page-412), Monochromatic Waves in Bounded Regions (Page-441), Dispersion and Oscillating Fields in Dispersive Media (Page-484), The Emission of Radiation (Page-525), Electrodynamics (Page-545),  0aElectromagnetic theory.9102701 aChristy, Robert W.,91014821 aMilford, Frederick J.,9101483 2ddccBK c178419d178419 00102ddc4070aMCSbMCScGENd2016-12-12o621.3,REIpMCS33592r2016-12-08w2016-12-12yBKzAlmirah No.28, Shelf No.4